| 000 | 00000nam##2200000za#4500 |
| 001 | 9.695306 |
| 003 | CaOODSP |
| 005 | 20240209132436 |
| 007 | cr ||||||||||| |
| 008 | 150407|2000||||xxc|||||o f|0| 0 eng|d |
| 040 | |aCaOODSP|beng |
| 043 | |an-cn--- |
| 086 | 1 |aC89-4/74-2000E-PDF |
| 110 | 2 |aAtlantic Canada Opportunities Agency. |
| 245 | 10|aYouth entrepreneurship focus groups / |h[electronic resource]|cconducted for the Atlantic Canada Opportunities Agency by Omnifacts Research. |
| 260 | |bAtlantic Canada Opportunities Agency |cJanuary 2000. |
| 300 | |a23p.|bfig. |
| 590 | |a11-30-Supp|b2011-12-02 |
| 690 | 07|aEntrepreneurship|2gcpds |
| 690 | 07|aYoung adults|2gcpds |
| 710 | 2 |aOmnifacts Research. |
| 775 | 08|tGroupes de discussion sur l'entrepreneurship chez les jeunes / |w(CaOODSP)9.639452 |
| 776 | 0#|tYouth entrepreneurship focus groups / |w(CaOODSP)9.647855 |
| 856 | 40|ahttp://publications.gc.ca|qPDF|s61 KB|uhttps://publications.gc.ca/collections/Collection/C89-4-74-2000E.pdf |